Service charge residential management code (Record no. 103084)

MARC details
000 -LEADER
fixed length control field 02452cad a22003135a 4500
001 - CONTROL NUMBER
control field ##L123666
008 - FIXED-LENGTH DATA ELEMENTS--GENERAL INFORMATION
fixed length control field 090409e20090403xxk 000 0 eng u
020 ## - INTERNATIONAL STANDARD BOOK NUMBER
International Standard Book Number 9781842191682
035 ## - SYSTEM CONTROL NUMBER
System control number (Sirsi) u123666
041 0# - LANGUAGE CODE
Language code of text/sound track or separate title eng
050 04 - LIBRARY OF CONGRESS CALL NUMBER
Classification number 333.33 $2 18
110 2# - MAIN ENTRY--CORPORATE NAME
Corporate name or jurisdiction name as entry element Royal Institution of Chartered Surveyors
9 (RLIN) 4900
245 00 - TITLE STATEMENT
Title Service charge residential management code
Remainder of title and additional advice to landlords, tenants and agents
Medium [old edition]
250 ## - EDITION STATEMENT
Edition statement 2nd ed.
260 ## - PUBLICATION, DISTRIBUTION, ETC.
Place of publication, distribution, etc. London
Name of publisher, distributor, etc. RICS
Date of publication, distribution, etc. 2009
300 ## - PHYSICAL DESCRIPTION
Extent 70p.
Dimensions 30cm.
490 #0 - SERIES STATEMENT
Series statement RICS Guidance Note
505 2# - FORMATTED CONTENTS NOTE
Formatted contents note Service charges -- Ground rent and administration charges -- Accounting for other peoples' money -- Reserve funds -- Accounting for service charges and auditing of service charge accounts -- Contractors and repairs -- Insurance -- Provision and information -- Complaints about property managers
520 ## - SUMMARY, ETC.
Summary, etc. This code is approved by the Secretary of State for England under the terms of the Leasehold Reform, Housing and Urban Development Act 1993 S87. It was first published in 1997 and the Code has been updated to incorporate the provisions of the Commonhold and Leasehold Reform Act 2002 (where implemented). The Code has been prepared to promote good practice in the management of residential leasehold property where a service charge is payable and the landlord is not a public sector authority or Registered Social Landlord. It does not apply to commonhold. Readers of this Code will note that it contains many references to the Commonhold and Leasehold Reform Act 2002. It should be noted that some sections of this Act have not, as yet, been implemented. It is understood that further sections of the Act may be implemented during 2009. RICS expects to issue updates to the Code in order to reflect any such changes. Addendum Reference to paragraph 5.10 at paragraph 4.6(b) should be deleted.
520 ## - SUMMARY, ETC.
Summary, etc. Superseded by 3rd edition (ISBN 9781783211418). ARCHIVED 31 MAY 2016
521 ## - TARGET AUDIENCE NOTE
Target audience note Advanced
590 ## - LOCAL NOTE (RLIN)
Local note KA
650 24 - SUBJECT ADDED ENTRY--TOPICAL TERM
Topical term or geographic name entry element LEASEHOLD REFORM, HOUSING AND URBAN DEVELOPMENT ACT 1993 S87
650 24 - SUBJECT ADDED ENTRY--TOPICAL TERM
Topical term or geographic name entry element COMMONHOLD AND LEASEHOLD REFORM ACT 2002
651 #4 - SUBJECT ADDED ENTRY--GEOGRAPHIC NAME
Geographic name England and Wales
Chronological subdivision 1543-
690 ## - LOCAL SUBJECT ADDED ENTRY--TOPICAL TERM (OCLC, RLIN)
Topical term or geographic name as entry element PROPERTY-LANDLORD AND TENANT-SERVICE CHARGES
856 41 - ELECTRONIC LOCATION AND ACCESS
Uniform Resource Identifier <a href="https://www.isurv.com/downloads/file/6837/archive_service_charge_residential_management_code_2nd_edition_april_2009-may_2016">https://www.isurv.com/downloads/file/6837/archive_service_charge_residential_management_code_2nd_edition_april_2009-may_2016</a>
Public note Archived on isurv (subscription required)
942 ## - ADDED ENTRY ELEMENTS (KOHA)
Suppress in OPAC 0
Source of classification or shelving scheme Dewey Decimal Classification
Holdings
Withdrawn status Lost status Source of classification or shelving scheme Damaged status Not for loan Home library Current library Shelving location Date acquired Total Checkouts Full call number Barcode Date last seen Copy number Price effective from Koha item type Date last checked out
    Dewey Decimal Classification     London London RICS Boxes 18/05/2009   RICS 2009/13 30076832 06/08/2019 1 06/08/2019 Archive  
    Dewey Decimal Classification     London London Folio 18/05/2009   RICS 2009/13 30075270 06/08/2019 1 06/08/2019 Reference material  
    Dewey Decimal Classification     London London Folio 18/05/2009 3 RICS 2009/13 30076835 06/08/2019 3 06/08/2019 Book 17/11/2009
    Dewey Decimal Classification     Virtual Virtual Online 09/04/2009   isurv 1888-5325 26/07/2023 1 06/08/2019 Online material